[Event "Portueguese Mini Tournament"]
[Site "SchemingMind.com"]
[Date "2005.09.13"]
[Round "-"]
[White "Oskyrain"]
[Black "JPT"]
[Result "1-0"]
[WhiteCountry "ARG"]
[BlackCountry "INT"]
[WhiteElo "2108"]
[WhiteRD "83"]
[BlackElo "1711"]
[BlackRD "80"]
[GameID "24674"]

1. e4 e5 2. Bb5 c6 3. Be2 Nf6 4. Nf3 Nxe4 5. Nxe5 Bc5 6. d4 Qf6 7. O-O Bd6 8. Bd3 Ng5 9. Ng4 Qe7 10. f4 Ne6
11. f5 h5 12. fxe6 hxg4 13. exf7+ Kf8 14. g3 Bxg3 15. hxg3 d5 16. Re1 Be6 17. Re2 Qf6 18. Qe1 Qf3 19. Rg2 Nd7 20. Bf4 Qxg2+
21. Kxg2 Kxf7 22. Qb4 Rh3 23. Bg5 c5 24. dxc5
1-0

[Event "Portueguese Mini Tournament"]
[Site "SchemingMind.com"]
[Date "2005.09.13"]
[Round "-"]
[White "JPT"]
[Black "Oskyrain"]
[Result "0-1"]
[WhiteCountry "INT"]
[BlackCountry "ARG"]
[WhiteElo "1711"]
[WhiteRD "80"]
[BlackElo "2108"]
[BlackRD "83"]
[GameID "24675"]

1. e4 e5 2. Bb5 Nf6 3. d4 Nxe4 4. Qe2 Nd6 5. Qxe5+ Be7 6. Bd3 O-O 7. Nf3 Nc6 8. Qh5 g6 9. Qh6 Nb4 10. g4 Re8
11. Kf1 Nxd3 12. cxd3 b6 13. Nc3 Bb7 14. d5 Bf8 15. Qh3 b5 16. a3 a5 17. Bf4 b4 18. Ne2 Qf6 19. Bc1 Bxd5 20. Neg1 Bg7
21. d4 bxa3 22. bxa3 Qe6 23. Be3 h5
0-1

[Event "Portueguese Mini Tournament"]
[Site "SchemingMind.com"]
[Date "2005.09.15"]
[Round "-"]
[White "sythymesnos"]
[Black "Oskyrain"]
[Result "1/2-1/2"]
[WhiteCountry "FRA"]
[BlackCountry "ARG"]
[WhiteElo "1854"]
[WhiteRD "71"]
[BlackElo "2023"]
[BlackRD "78"]
[GameID "24791"]

1. e4 e5 2. Bb5 c6 3. Ba4 Nf6 4. d3 d5 5. exd5 Qa5+ 6. Nc3 Nxd5 7. Ne2 Nxc3 8. Nxc3 Bb4 9. Bb3 Bxc3+ 10. bxc3 Qxc3+
11. Bd2 Qd4 12. O-O O-O 13. Be3 Qd6 14. Qe2 Re8 15. f4 exf4 16. Bxf4 Qd4+ 17. Qf2 Qxf2+ 18. Rxf2 Na6 19. Rb1 b6 20. d4 Be6
21. c4 Rad8 22. Rd2 f6 23. d5 Bf7 24. dxc6 Rxd2 25. Bxd2 Rc8 26. Be3 Nb4 27. Rd1 Nxc6 28. Rd7 Be6 29. Rb7 h5 30. h4 Kh7
31. Bc2+ f5 32. Bb3 Kg6 33. Bd2 Rd8 34. Bc3 Rd7 35. Rxd7 Bxd7 36. Ba4 a6 37. Bxc6=
1/2-1/2

[Event "Portueguese Mini Tournament"]
[Site "SchemingMind.com"]
[Date "2005.09.14"]
[Round "-"]
[White "Oskyrain"]
[Black "sythymesnos"]
[Result "1-0"]
[WhiteCountry "ARG"]
[BlackCountry "FRA"]
[WhiteElo "2108"]
[WhiteRD "83"]
[BlackElo "1773"]
[BlackRD "80"]
[GameID "24793"]

1. e4 e5 2. Bb5 a5 3. Nf3 c6 4. Be2 d6 5. d4 exd4 6. Qxd4 Nf6 7. Nc3 Be7 8. Bf4 O-O 9. O-O-O Ne8 10. Rd2 b5
11. Rhd1 b4 12. Na4 g5 13. Be3 g4 14. Ne5 h5 15. Nb6
1-0

[Event "Portueguese Mini Tournament"]
[Site "SchemingMind.com"]
[Date "2005.09.14"]
[Round "-"]
[White "JPT"]
[Black "sythymesnos"]
[Result "0-1"]
[WhiteCountry "INT"]
[BlackCountry "FRA"]
[WhiteElo "1711"]
[WhiteRD "80"]
[BlackElo "1773"]
[BlackRD "80"]
[GameID "24794"]

1. e4 e5 2. Bb5 g6 3. Nf3 Bg7 4. O-O Ne7 5. Nc3 O-O 6. d4 exd4 7. Nxd4 c6 8. Ba4 b5 9. Bb3 Ba6 10. Re1 Bb7
11. Bg5 a6 12. Qg4 Bxd4 13. e5 c5 14. Bd5 Nbc6 15. Ne4 Bxe5 16. Nf6+ Kg7 17. Bxc6 Bxf6 18. Bxf6+ Kxf6 19. Bxb7 Ra7 20. Rad1 Nf5
21. Be4 Nd4 22. c3 Ne6 23. h4 Kg7 24. h5 Qb6 25. Qg3 Qc7 26. Qh4 Qf4 27. Qe7 Rc7 28. Rxd7 Rxd7 29. Qxd7 Rd8 30. Qe7 Rd2
31. Bf3 Qf5 32. hxg6 hxg6 33. b4 cxb4 34. Qxb4 Ng5 35. Be2 Rxa2 36. c4 Qe5 37. Kf1 Nf3
0-1

[Event "Portueguese Mini Tournament"]
[Site "SchemingMind.com"]
[Date "2005.09.15"]
[Round "-"]
[White "minkerwink"]
[Black "sythymesnos"]
[Result "1-0"]
[WhiteCountry "BEL"]
[BlackCountry "FRA"]
[WhiteElo "1915"]
[WhiteRD "228"]
[BlackElo "1674"]
[BlackRD "98"]
[GameID "24855"]

1. e4 e5 2. Bb5 a5 3. f4 c6 4. Be2 exf4 5. d4 Qh4+ 6. Kf1 g5 7. Nf3 Qh6 8. Nc3 Qg6 9. h4 f6 10. Nxg5 h5
11. Nh3
1-0

[Event "Portueguese Mini Tournament"]
[Site "SchemingMind.com"]
[Date "2005.09.15"]
[Round "-"]
[White "minkerwink"]
[Black "Oskyrain"]
[Result "0-1"]
[WhiteCountry "BEL"]
[BlackCountry "ARG"]
[WhiteElo "1681"]
[WhiteRD "120"]
[BlackElo "2118"]
[BlackRD "87"]
[GameID "24856"]

1. e4 e5 2. Bb5 c6 3. Ba4 a5 4. c4 Nf6 5. Nc3 Bb4 6. Bc2 d6 7. Nge2 Be6 8. d3 O-O 9. a3 Bc5 10. O-O Nbd7
11. Rb1 Nh5 12. b4 axb4 13. axb4 Bb6 14. Na4 Ba7 15. Nac3 Qh4 16. Kh1 Bxf2 17. Bd2 Ng3+ 18. Nxg3 Bxg3
0-1

[Event "Portueguese Mini Tournament"]
[Site "SchemingMind.com"]
[Date "2005.09.15"]
[Round "-"]
[White "minkerwink"]
[Black "JPT"]
[Result "1-0"]
[WhiteCountry "BEL"]
[BlackCountry "INT"]
[WhiteElo "1717"]
[WhiteRD "97"]
[BlackElo "1711"]
[BlackRD "80"]
[GameID "24857"]

1. e4 e5 2. Bb5 c6 3. Ba4 Nf6 4. Nc3 b5 5. Bb3 b4 6. Na4 Nxe4 7. Qe2 Nf6 8. d4 d6 9. dxe5 dxe5 10. Qxe5+ Qe7
11. Nf3 Qxe5+ 12. Nxe5 Be6 13. Bxe6 fxe6 14. O-O Be7 15. Re1 a5 16. b3 Bd6 17. Bb2 Ke7 18. Nc4 Bc7 19. Nc5 Nbd7 20. Nxe6
1-0

[Event "Portueguese Mini Tournament"]
[Site "SchemingMind.com"]
[Date "2005.09.15"]
[Round "-"]
[White "sythymesnos"]
[Black "minkerwink"]
[Result "1-0"]
[WhiteCountry "FRA"]
[BlackCountry "BEL"]
[WhiteElo "1854"]
[WhiteRD "71"]
[BlackElo "1633"]
[BlackRD "89"]
[GameID "24858"]

1. e4 e5 2. Bb5 Nf6 3. d3 Be7 4. Nf3 O-O 5. Nxe5 c6 6. Nxc6 bxc6 7. Bc4 Na6 8. O-O Nc7 9. Nc3 d5 10. exd5 cxd5
11. Bb3 Be6 12. Bf4 Qd7 13. Ba4 Qc8 14. Re1 Rb8 15. Rb1 Rb4 16. Bg3 d4 17. a3 Rb6 18. Ne2 Rd8 19. f3 Ncd5 20. Nxd4 Nf4
21. Nxe6 Nxe6 22. Re2 Bd6 23. Be1 Nd4 24. Rf2 Nd5 25. Ba5 Bxh2+ 26. Kxh2 Rh6+ 27. Kg1 Rdd6 28. Bd2 Rh4 29. Bg5 Nxf3+ 30. Qxf3
1-0

[Event "Portueguese Mini Tournament"]
[Site "SchemingMind.com"]
[Date "2005.09.15"]
[Round "-"]
[White "Oskyrain"]
[Black "minkerwink"]
[Result "1-0"]
[WhiteCountry "ARG"]
[BlackCountry "BEL"]
[WhiteElo "2118"]
[WhiteRD "87"]
[BlackElo "1681"]
[BlackRD "120"]
[GameID "24859"]

1. e4 e5 2. Bb5 Nf6 3. d4 Nxe4 4. Qe2 Nd6 5. Bd3 e4 6. f3 Be7 7. fxe4 O-O 8. e5 Ne8 9. Qh5 g6 10. Qh6 Nc6
11. Nf3 d6 12. h4 Bg4 13. Ng5 Bxg5 14. hxg5
1-0

[Event "Portueguese Mini Tournament"]
[Site "SchemingMind.com"]
[Date "2005.09.15"]
[Round "-"]
[White "JPT"]
[Black "minkerwink"]
[Result "1-0"]
[WhiteCountry "INT"]
[BlackCountry "BEL"]
[WhiteElo "1780"]
[WhiteRD "78"]
[BlackElo "1633"]
[BlackRD "89"]
[GameID "24860"]

1. e4 e5 2. Bb5 Nf6 3. d4 Nxe4 4. Qe2 Nd6 5. Qxe5+ Qe7 6. Nc3 Nc6 7. Qxe7+ Bxe7 8. Nf3 Nxb5 9. Nxb5 Kd8 10. Bf4 d6
11. h3 Bf5 12. c3 a6 13. Na3 d5 14. O-O Bxa3 15. bxa3 Kd7 16. Ne5+ Nxe5 17. Bxe5 f6 18. Bf4 Rhe8 19. Rfe1 Kc6 20. f3 Rad8
21. Kf2 Rxe1 22. Rxe1 Rd7 23. a4 Kb6 24. Re2 Ka5 25. Rb2 b6 26. Bd2 Kxa4 27. Bc1 Re7 28. Rb4+
1-0

[Event "Portueguese Mini Tournament"]
[Site "SchemingMind.com"]
[Date "2005.09.18"]
[Round "-"]
[White "winkel"]
[Black "sythymesnos"]
[Result "1-0"]
[WhiteCountry "DEN"]
[BlackCountry "FRA"]
[WhiteElo "2107"]
[WhiteRD "75"]
[BlackElo "1648"]
[BlackRD "93"]
[GameID "24992"]

1. e4 e5 2. Bb5 c6 3. Be2 d5 4. d3 d4 5. f4 Nd7 6. Nf3 f6 7. O-O Nh6 8. fxe5 fxe5 9. Bg5 Be7 10. Bxh6 gxh6
11. Nbd2 Qc7 12. c3 c5 13. cxd4 exd4 14. Rc1 Qd6 15. Nc4 Qe6 16. Nfd2 Ne5 17. Nxe5 Qxe5 18. Qb3 Qe6 19. Bh5+ Kd8 20. Nc4 Bg5
21. Rce1 b6 22. Bf7 Qe7 23. Nxb6 Rb8 24. Qd5+ Bd7 25. Nxd7 Qxd7 26. Qe5
1-0

[Event "Portueguese Mini Tournament"]
[Site "SchemingMind.com"]
[Date "2005.09.21"]
[Round "-"]
[White "winkel"]
[Black "Oskyrain"]
[Result "1-0"]
[WhiteCountry "DEN"]
[BlackCountry "ARG"]
[WhiteElo "2123"]
[WhiteRD "77"]
[BlackElo "2108"]
[BlackRD "83"]
[GameID "24993"]

1. e4 e5 2. Bb5 c6 3. Be2 Nf6 4. Nf3 Qa5 5. O-O Nxe4 6. d4 exd4 7. Qxd4 d5 8. Nbd2 Nf6 9. Bd3 Be7 10. Re1 c5
11. Qh4 c4 12. Qg5 Qb6 13. Nxc4 dxc4 14. Bxc4 Be6 15. Be3 Qxb2 16. Bd4 Qa3 17. Bxe6 fxe6 18. Rxe6 O-O 19. Nh4 h6 20. Qg6 Ne8
21. Nf5 Rxf5 22. Qxf5 Nc6 23. Rxh6 gxh6 24. Qg6+ Kf8 25. Qf5+ Nf6 26. Bxf6 Qb4 27. Bc3+
1-0

[Event "Portueguese Mini Tournament"]
[Site "SchemingMind.com"]
[Date "2005.09.17"]
[Round "-"]
[White "winkel"]
[Black "JPT"]
[Result "1-0"]
[WhiteCountry "DEN"]
[BlackCountry "INT"]
[WhiteElo "2120"]
[WhiteRD "78"]
[BlackElo "1780"]
[BlackRD "78"]
[GameID "24994"]

1. e4 e5 2. Bb5 c6 3. Be2 Nf6 4. Nf3 d6 5. Nc3 Be7 6. d4 Nbd7 7. O-O O-O 8. Be3 a6 9. h3 b5 10. Qd3 c5
11. dxe5 Nxe5 12. Nxe5 dxe5 13. a4 Qxd3 14. Bxd3 b4 15. Nd5 Nxd5 16. exd5 Bb7 17. Rfd1 Bd6 18. Bf5 Rad8 19. Bg5 Rb8 20. c4 Bc8
21. Bxc8 Rbxc8 22. b3 a5 23. f3 f6 24. Bd2 h6 25. Re1 g5 26. Kf2 Rce8 27. Rad1 Kg7 28. Ke3 Kg6 29. Kd3 f5 30. Bc1 Rf7
31. Re2 Rfe7 32. Rde1 Kf6 33. Bb2 Kg6 34. g4 Kf6 35. Re3 Kg6 36. R3e2 Kf6 37. Re3 Kg6 38. R1e2 Kf6 39. Rg2 Kg6 40. gxf5+ Kxf5
41. Re4 Rg8 42. h4 Reg7 43. Bc1 Rg6 44. hxg5 hxg5 45. Rh2 R8g7 46. Rh5 Rg8 47. Rg4 R8g7 48. Rh8 Rg8 49. Rh3 R8g7 50. Rg1 Be7
51. Be3 Bd6 52. Rg4 Rg8 53. Rh7 R8g7 54. Rh5 e4+ 55. Rxe4 Re7 56. Rxe7 Bxe7 57. Rh7 Kf6 58. Ke4 g4 59. Bf4 g3 60. Be5+
1-0

[Event "Portueguese Mini Tournament"]
[Site "SchemingMind.com"]
[Date "2005.09.19"]
[Round "-"]
[White "winkel"]
[Black "minkerwink"]
[Result "1-0"]
[WhiteCountry "DEN"]
[BlackCountry "BEL"]
[WhiteElo "2107"]
[WhiteRD "75"]
[BlackElo "1681"]
[BlackRD "120"]
[GameID "24995"]

1. e4 e5 2. Bb5 c6 3. Be2 Nf6 4. d3 Bc5 5. Nf3 O-O 6. Nxe5 Qa5+ 7. Qd2 Bxf2+ 8. Kxf2 Qxe5 9. Qf4 Qc5+ 10. Be3 Qxc2
11. Bd4 d5 12. Rc1 Ng4+ 13. Qxg4 Bxg4 14. Rxc2 Bxe2 15. Rxe2 b6 16. exd5 c5 17. Be5 Nd7 18. Bd6 Rfe8 19. Rxe8+ Rxe8 20. Nc3 Nf6
21. Re1
1-0

[Event "Portueguese Mini Tournament"]
[Site "SchemingMind.com"]
[Date "2005.09.17"]
[Round "-"]
[White "sythymesnos"]
[Black "winkel"]
[Result "0-1"]
[WhiteCountry "FRA"]
[BlackCountry "DEN"]
[WhiteElo "1773"]
[WhiteRD "80"]
[BlackElo "2123"]
[BlackRD "77"]
[GameID "24996"]

1. e4 e5 2. Bb5 c6 3. Ba4 Nf6 4. Nc3 b5 5. Bb3 a5 6. a3 Bc5 7. Nf3 d6 8. O-O Bg4 9. d3 O-O 10. Bg5 h6
11. Bh4 a4 12. Ba2 Nbd7 13. h3 Bh5 14. g4 Bg6 15. Bg3 b4 16. axb4 Bxb4 17. Nxa4 Rxa4 18. c3 Rxa2 19. Rxa2 Bc5 20. b4 Bb6
21. Nh4 Bh7 22. Nf5 Bxf5 23. gxf5 c5 24. b5 c4 25. dxc4 Nxe4 26. Qf3 Nxg3 27. Qxg3 Qc7 28. Qd3 Nf6 29. Kg2 e4 30. Qe2 d5
31. Ra4 dxc4 32. Rxc4 Qe5 33. Rc6 Nd5 34. Qd2 e3 35. Qe1 Nf4+ 36. Kf3 Qxf5 37. Kg3 Qg5+ 38. Kf3 Qg2+ 39. Kxf4 Re8 40. Rxb6 Re4+
41. Kf5 Qf3#
0-1

[Event "Portueguese Mini Tournament"]
[Site "SchemingMind.com"]
[Date "2005.09.17"]
[Round "-"]
[White "Oskyrain"]
[Black "winkel"]
[Result "0-1"]
[WhiteCountry "ARG"]
[BlackCountry "DEN"]
[WhiteElo "2023"]
[WhiteRD "78"]
[BlackElo "2120"]
[BlackRD "78"]
[GameID "24997"]

1. e4 e5 2. Bb5 c6 3. Ba4 d5 4. exd5 Qxd5 5. Qf3 Nf6 6. Nc3 Qxf3 7. Nxf3 Bd6 8. O-O O-O 9. Re1 Nbd7 10. d3 Re8
11. Bb3 Nc5 12. Bg5 Nxb3 13. axb3 Nd5 14. d4 Nxc3 15. bxc3 e4 16. Nd2 Bf5 17. Nc4 Bc7 18. Ne3 Be6 19. c4 h6 20. Bh4 f5
21. d5 Bc8 22. f3 f4 23. Nd1 Bb6+ 24. Kf1 g5 25. Bf2 e3 26. Bg1 cxd5 27. cxd5 Bf5 28. Re2 Rad8 29. c4 Bd3 30. Nc3 Bd4
31. Rd1 Bxe2+ 32. Nxe2 Be5 33. g3 Kf7 34. gxf4 gxf4 35. h4 Rf8 36. Bh2 Ke7 37. Nc1 Rf5 38. Nd3 Bb8 39. Ra1 Rc8 40. Ra2 a6
41. Ke1 Kf7 42. Ra5 h5 43. Ke2 b5 44. Rxa6 bxc4 45. bxc4 Rxc4 46. Rc6 Ra4 47. Rb6 Ra2+ 48. Rb2 Rxb2+ 49. Nxb2 Rxd5 50. Nd3 Rd4
0-1

[Event "Portueguese Mini Tournament"]
[Site "SchemingMind.com"]
[Date "2005.09.17"]
[Round "-"]
[White "JPT"]
[Black "winkel"]
[Result "0-1"]
[WhiteCountry "INT"]
[BlackCountry "DEN"]
[WhiteElo "1759"]
[WhiteRD "83"]
[BlackElo "2107"]
[BlackRD "75"]
[GameID "24998"]

1. e4 e5 2. Bb5 c6 3. Ba4 Nf6 4. Nc3 b5 5. Bb3 b4 6. Na4 Nxe4 7. Qe2 d5 8. d3 Nf6 9. Qxe5+ Be6 10. Nf3 Bd6
11. Qe2 O-O 12. Be3 Re8 13. d4 Ng4 14. h3 Nxe3 15. fxe3 Bg3+ 16. Kd2 Bc8 17. Nc5 a5 18. c3 bxc3+ 19. bxc3 Nd7 20. Nxd7 Ba6
21. c4 Qxd7 22. Qd3 Qd6 23. Rhf1 dxc4 24. Bxc4 Qb4+
0-1

[Event "Portueguese Mini Tournament"]
[Site "SchemingMind.com"]
[Date "2005.09.17"]
[Round "-"]
[White "minkerwink"]
[Black "winkel"]
[Result "0-1"]
[WhiteCountry "BEL"]
[BlackCountry "DEN"]
[WhiteElo "1681"]
[WhiteRD "120"]
[BlackElo "2107"]
[BlackRD "75"]
[GameID "24999"]

1. e4 e5 2. Bb5 c6 3. Ba4 Nf6 4. Nc3 b5 5. Bb3 b4 6. Na4 d5 7. exd5 cxd5 8. d4 e4 9. Bg5 Be7 10. Qd2 Nc6
11. Ne2 Ba6 12. Nf4 O-O 13. O-O-O Bc4 14. Nc5 Bxb3 15. axb3 h6 16. Bxf6 Bxf6 17. h4 Bxd4 18. Nce6 Qa5 19. Kb1 fxe6 20. Rhf1 e5
21. Ne6 Rf6 22. Nxd4 Nxd4
0-1

[Event "Portueguese Mini Tournament"]
[Site "SchemingMind.com"]
[Date "2005.09.18"]
[Round "-"]
[White "AlekhineKid"]
[Black "sythymesnos"]
[Result "0-1"]
[WhiteCountry "USA"]
[BlackCountry "FRA"]
[WhiteElo "1691"]
[WhiteRD "77"]
[BlackElo "1773"]
[BlackRD "80"]
[GameID "25095"]

1. e4 e5 2. Bb5 c6 3. Ba4 Nf6 4. d3 Qa5+ 5. Nc3 Bb4 6. Bb3 O-O 7. Bd2 d5 8. Nf3 Bg4 9. h3 Bh5 10. exd5 cxd5
11. g4 Bg6 12. Nxe5 d4 13. Nc4 Re8+ 14. Ne2 Bxd2+ 15. Qxd2 Qc7 16. O-O-O Nc6 17. f4 h6
0-1

[Event "Portueguese Mini Tournament"]
[Site "SchemingMind.com"]
[Date "2005.09.21"]
[Round "-"]
[White "AlekhineKid"]
[Black "Oskyrain"]
[Result "0-1"]
[WhiteCountry "USA"]
[BlackCountry "ARG"]
[WhiteElo "1691"]
[WhiteRD "77"]
[BlackElo "2108"]
[BlackRD "83"]
[GameID "25096"]

1. e4 e5 2. Bb5 a6 3. Ba4 Nf6 4. Qe2 b5 5. Bb3 Nc6 6. c3 Bc5 7. d3 O-O 8. Nf3 Bb7 9. O-O b4 10. Bg5 bxc3
11. Nxc3 h6
0-1

[Event "Portueguese Mini Tournament"]
[Site "SchemingMind.com"]
[Date "2005.09.18"]
[Round "-"]
[White "AlekhineKid"]
[Black "JPT"]
[Result "0-1"]
[WhiteCountry "USA"]
[BlackCountry "INT"]
[WhiteElo "1645"]
[WhiteRD "79"]
[BlackElo "1780"]
[BlackRD "78"]
[GameID "25097"]

1. e4 e5 2. Bb5 c6 3. Ba4 Nf6 4. Nf3 d6 5. O-O Nbd7 6. d4 Be7 7. Re1 O-O 8. c3 b5 9. Bb3 h6 10. Nbd2 Qb6
11. a4 Ba6 12. Nf1 c5
0-1

[Event "Portueguese Mini Tournament"]
[Site "SchemingMind.com"]
[Date "2005.09.18"]
[Round "-"]
[White "AlekhineKid"]
[Black "winkel"]
[Result "0-1"]
[WhiteCountry "USA"]
[BlackCountry "DEN"]
[WhiteElo "1691"]
[WhiteRD "77"]
[BlackElo "2123"]
[BlackRD "77"]
[GameID "25098"]

1. e4 e5 2. Bb5 c6 3. Ba4 Nf6 4. d3 Qa5+ 5. Nc3 d5 6. exd5 Bb4 7. Bb3 cxd5 8. Bd2 d4 9. Ne4 Nxe4 10. dxe4 Nc6
11. Ne2 O-O 12. c3 dxc3 13. bxc3 Bc5 14. O-O Qb6 15. Rb1 Qa6 16. Ng3 Be6 17. Bxe6 fxe6 18. Qb3 Na5 19. Qa4 b6 20. Rb5 Qc8
0-1

[Event "Portueguese Mini Tournament"]
[Site "SchemingMind.com"]
[Date "2005.09.19"]
[Round "-"]
[White "AlekhineKid"]
[Black "minkerwink"]
[Result "0-1"]
[WhiteCountry "USA"]
[BlackCountry "BEL"]
[WhiteElo "1691"]
[WhiteRD "77"]
[BlackElo "1717"]
[BlackRD "97"]
[GameID "25099"]

1. e4 e5 2. Bb5 c6 3. Ba4 Nf6 4. Nf3 Be7 5. d3 O-O 6. O-O Qc7 7. c4 Na6 8. Be3 Nc5 9. Bc2 Ne6 10. Nc3 Ng4
11. Qe2 Nxe3 12. fxe3 a6 13. Rad1 b5 14. d4 Bf6 15. d5 Nc5 16. b4 Nb7 17. Bb3 d6
0-1

[Event "Portueguese Mini Tournament"]
[Site "SchemingMind.com"]
[Date "2005.09.18"]
[Round "-"]
[White "sythymesnos"]
[Black "AlekhineKid"]
[Result "1-0"]
[WhiteCountry "FRA"]
[BlackCountry "USA"]
[WhiteElo "1773"]
[WhiteRD "80"]
[BlackElo "1691"]
[BlackRD "77"]
[GameID "25100"]

1. e4 e5 2. Bb5 c6 3. Bc4 d5 4. exd5 cxd5 5. Bb3 Nf6 6. Ne2 Nc6 7. O-O Bc5 8. d3 O-O 9. Bg5 Be6 10. Nbc3 d4
11. Ne4 Be7 12. f4 Nxe4 13. Bxe7 Qxe7 14. dxe4 Rad8 15. f5 Bxb3 16. axb3
1-0

[Event "Portueguese Mini Tournament"]
[Site "SchemingMind.com"]
[Date "2005.09.18"]
[Round "-"]
[White "Oskyrain"]
[Black "AlekhineKid"]
[Result "1-0"]
[WhiteCountry "ARG"]
[BlackCountry "USA"]
[WhiteElo "2108"]
[WhiteRD "83"]
[BlackElo "1691"]
[BlackRD "77"]
[GameID "25101"]

1. e4 e5 2. Bb5 c6 3. Ba4 b5 4. Bb3 Nf6 5. Nf3 d6 6. d3 Be7 7. O-O Bg4 8. h3 Bh5 9. a4 b4 10. c3 Na6
11. g4 Bg6 12. Be3
1-0

[Event "Portueguese Mini Tournament"]
[Site "SchemingMind.com"]
[Date "2005.09.18"]
[Round "-"]
[White "JPT"]
[Black "AlekhineKid"]
[Result "1-0"]
[WhiteCountry "INT"]
[BlackCountry "USA"]
[WhiteElo "1780"]
[WhiteRD "78"]
[BlackElo "1645"]
[BlackRD "79"]
[GameID "25102"]

1. e4 e5 2. Bb5 c6 3. Ba4 b5 4. Bb3 a5 5. Qh5 Qe7 6. a4 Nf6 7. Qf3 Bb7 8. d3 d6 9. Bg5 Nbd7 10. Ne2 h6
11. Be3 Qd8 12. Ng3 Be7 13. Nf5 Bf8 14. Nd2
1-0

[Event "Portueguese Mini Tournament"]
[Site "SchemingMind.com"]
[Date "2005.09.18"]
[Round "-"]
[White "winkel"]
[Black "AlekhineKid"]
[Result "1-0"]
[WhiteCountry "DEN"]
[BlackCountry "USA"]
[WhiteElo "2123"]
[WhiteRD "77"]
[BlackElo "1691"]
[BlackRD "77"]
[GameID "25103"]

1. e4 e5 2. Bb5 c6 3. Be2 d5 4. d3 f5 5. exd5 cxd5 6. Nf3 Nc6 7. O-O Nf6 8. d4 e4 9. Ng5 Bd6 10. c4 O-O
11. Nc3 h6 12. cxd5 hxg5 13. dxc6 g4 14. Qb3+ Rf7 15. Bc4 Qe7 16. Nb5 Ne8 17. Bg5 Qxg5 18. Bxf7+ Kh7 19. Bxe8
1-0

[Event "Portueguese Mini Tournament"]
[Site "SchemingMind.com"]
[Date "2005.09.18"]
[Round "-"]
[White "minkerwink"]
[Black "AlekhineKid"]
[Result "1-0"]
[WhiteCountry "BEL"]
[BlackCountry "USA"]
[WhiteElo "1717"]
[WhiteRD "97"]
[BlackElo "1691"]
[BlackRD "77"]
[GameID "25104"]

1. e4 e5 2. Bb5 c6 3. Ba4 b5 4. Bb3 a5 5. c3 a4 6. Bc2 d5 7. Qe2 Bd6 8. exd5 Bb7 9. dxc6 Bxc6 10. d4 Qe7
11. Nf3 exd4 12. Nxd4 Bxg2 13. Rg1 Bc6 14. Rxg7 Nf6 15. Bg5 Qxe2+ 16. Kxe2 Nh5 17. Rxh7 Rxh7 18. Bxh7
1-0

[Event "Portueguese Mini Tournament"]
[Site "SchemingMind.com"]
[Date "2005.09.19"]
[Round "-"]
[White "rabbit"]
[Black "AlekhineKid"]
[Result "1-0"]
[WhiteCountry "USA"]
[BlackCountry "USA"]
[WhiteElo "1975"]
[WhiteRD "75"]
[BlackElo "1691"]
[BlackRD "77"]
[GameID "25107"]

1. e4 e5 2. Bb5 c6 3. Be2 d5 4. exd5 cxd5 5. d4 exd4 6. Nf3 Nf6 7. Nxd4 Nc6 8. Nc3 Bb4 9. O-O O-O 10. Bf4 Bxc3
11. bxc3 Be6 12. Rb1 Qd7 13. Re1 Ne4 14. Qd3 Rac8 15. Bf3 Nxd4 16. cxd4 Rc3 17. Qb5
1-0

[Event "Portueguese Mini Tournament"]
[Site "SchemingMind.com"]
[Date "2005.09.19"]
[Round "-"]
[White "rabbit"]
[Black "sythymesnos"]
[Result "1-0"]
[WhiteCountry "USA"]
[BlackCountry "FRA"]
[WhiteElo "1918"]
[WhiteRD "74"]
[BlackElo "1648"]
[BlackRD "93"]
[GameID "25108"]

1. e4 e5 2. Bb5 Nf6 3. Nf3 Nxe4 4. O-O c6 5. Be2 Qc7 6. d4 exd4 7. Qxd4 d5 8. Nc3 Bf5 9. Bd3 Nxc3 10. Bf4 Bxd3
11. Rfe1+
1-0

[Event "Portueguese Mini Tournament"]
[Site "SchemingMind.com"]
[Date "2005.09.21"]
[Round "-"]
[White "rabbit"]
[Black "Oskyrain"]
[Result "1-0"]
[WhiteCountry "USA"]
[BlackCountry "ARG"]
[WhiteElo "2016"]
[WhiteRD "78"]
[BlackElo "2023"]
[BlackRD "78"]
[GameID "25109"]

1. e4 e5 2. Bb5 c6 3. Be2 Nf6 4. Nf3 Qa5 5. O-O Nxe4 6. d4 exd4 7. Qxd4 d5 8. Nbd2 Nf6 9. Nb3 Qd8 10. Bf4 Bd6
11. Bxd6 Qxd6 12. Qe3+ Be6 13. Nc5 b6 14. Nxe6 fxe6 15. Nd4 e5 16. Nf5 Qc7 17. f4 e4 18. Qa3 Qd7 19. Nd6+ Kd8 20. Rad1 Qe6
21. f5 Qd7 22. Qg3 Rg8 23. c4 Qe7 24. cxd5 cxd5 25. Rc1 Nbd7 26. Rc6 Nc5 27. b4 Nd3 28. Bxd3 exd3 29. Nb5 Ne4 30. Qxd3 Qd7
31. Rc7 Qxb5 32. Qxb5 Kxc7 33. Rc1+ Kd6 34. Qc6+ Ke5 35. Qe6+ Kf4 36. Rf1+ Kg5 37. Qe7+ Kh5 38. Rf4 Nf6 39. Qe3
1-0

[Event "Portueguese Mini Tournament"]
[Site "SchemingMind.com"]
[Date "2005.09.18"]
[Round "-"]
[White "rabbit"]
[Black "JPT"]
[Result "1-0"]
[WhiteCountry "USA"]
[BlackCountry "INT"]
[WhiteElo "1975"]
[WhiteRD "75"]
[BlackElo "1711"]
[BlackRD "80"]
[GameID "25110"]

1. e4 e5 2. Bb5 c6 3. Be2 Nf6 4. Nf3 d6 5. Nc3 Nbd7 6. O-O Be7 7. d4 O-O 8. Be3 a6 9. a4 b6 10. Bg5 h6
11. Bh4 Bb7 12. Qd2 Nxe4 13. Nxe4 Bxh4 14. Nxd6 Bc8 15. dxe5 Nc5 16. a5 b5 17. Qd4 Be7 18. Qxc5 Qd7 19. Rad1 Rd8 20. Qb6 f6
21. Nf5 Qxf5 22. Rxd8+ Kf7 23. Qc7
1-0

[Event "Portueguese Mini Tournament"]
[Site "SchemingMind.com"]
[Date "2005.09.19"]
[Round "-"]
[White "rabbit"]
[Black "winkel"]
[Result "0-1"]
[WhiteCountry "USA"]
[BlackCountry "DEN"]
[WhiteElo "1918"]
[WhiteRD "74"]
[BlackElo "2107"]
[BlackRD "75"]
[GameID "25111"]

1. e4 e5 2. Bb5 c6 3. Be2 d5 4. Nf3 dxe4 5. Nxe5 Qg5 6. Ng4 Bxg4 7. Bxg4 Nf6 8. Bh3 Qe5 9. Nc3 Bd6 10. g3 O-O
11. O-O Bc5 12. d3 e3 13. fxe3 Bxe3+ 14. Kh1 Bxc1 15. Rxc1 Nbd7 16. d4 Qd6 17. Qd3 Rfe8 18. Bg2 Ng4 19. Ne4 Qh6 20. h4 Ne3
21. Rfe1 Nxg2 22. Kxg2 Re7 23. Ng5 Rae8 24. Rxe7 Rxe7 25. Rf1 Nf6 26. Qa3 Re2+ 27. Rf2 Rxf2+ 28. Kxf2 Qg6 29. Qe7 Qxc2+ 30. Kg1 Qd1+
31. Kg2 Qc2+ 32. Kf1 Qc4+
0-1